| 000 | 00892nam a2200277Ia 4500 | ||
|---|---|---|---|
| 999 |
_c54590 _d54590 |
||
| 001 | 21656 | ||
| 003 | GE_BSU | ||
| 005 | 20230731152633.0 | ||
| 008 | 181216s2010||||Pl |||||||||||||| ||pol|| | ||
| 020 | _a9788360229248 | ||
| 040 | _cGE_BSU | ||
| 041 | _apol | ||
| 080 | _a811.162.1 M-24 | ||
| 100 |
_aMalolepsza, M. _919578 |
||
| 245 |
_aHurra!!! Po Polsku : Student's Textbook Volume 1. A1 : _bPropozycja programowa na poziom A1 / _cM. Malolepsza, A. Szymkiewicz. |
||
| 264 |
_aKrakow : _bProlog, _c2010. |
||
| 300 |
_a166 p. ; _c27 cm. |
||
| 520 | _aდისკი აქ ახლავს | ||
| 541 | _h10 Gel. | ||
| 653 | _aHurra!!! Po Polsku: Student's Textbook Volume 1 | ||
| 653 | _aPropozycja programowa na poziom A1 | ||
| 653 | _aПольский язык | ||
| 653 | _aპოლონური ენა | ||
| 700 |
_aJasinska, A. _eAuthor _919581 |
||
| 942 |
_cBK _2udc |
||